Văn hóa Thái - Tìm hiểu và khám phá
محفوظ في:
| المؤلف الرئيسي: | |
|---|---|
| التنسيق: | كتاب |
| منشور في: |
H.
Khoa học xã hội
2015
|
| الوسوم: |
إضافة وسم
لا توجد وسوم, كن أول من يضع وسما على هذه التسجيلة!
|
| Thư viện lưu trữ: | Mạng thư viện Đại học Đà Nẵng |
|---|
| LEADER | 00919nam a2200229 4500 | ||
|---|---|---|---|
| 001 | 000023658 | ||
| 003 | 20111 | ||
| 005 | 20160114150126.0 | ||
| 008 | 160114s2015 sd | ||
| 100 | 1 | |a Quán Vi Miên | |
| 245 | 1 | 0 | |a Văn hóa Thái - Tìm hiểu và khám phá |c Quán Vi Miên |
| 260 | |a H. |b Khoa học xã hội |c 2015 | ||
| 774 | |a Quán Vi Miên |d H. |d Khoa học xã hội |d 2015 |g T.1 |h 527 tr. |n ĐTTS ghi: Hội Văn nghệ dân gian Việt Nam |t Văn hóa Thái - Tìm hiểu và khám phá |w 20112 | ||
| 774 | |a Quán Vi Miên |d H. |d Nxb. Khoa học xã hội |d 2016 |g Tập 2 |h 302 tr. |n ĐTTS ghi: Hội Văn nghệ dân gian Việt Nam |t Văn hóa Thái - Tìm hiểu và khám phá |w 21313 | ||
| OWN | |a LSP | ||
| 999 | |a From the UDN01 | ||
| TYP | |a Monograph | ||
| TYP | |a Printed language | ||
| 980 | |a Mạng thư viện Đại học Đà Nẵng | ||